Τα αναπτυξιακά κίνητρα που θεσπίστηκαν για την προώθηση των επενδύσεων την περίοδο 1982 έως 1996 και η αποτελεσματικότητά τους κυρίως στον νομό Σερρών και έπειτα στην περιφέρεια κεντρικής Μακεδονίας και στο σύνολό της : Διπλωματική εργασία
Αποθηκεύτηκε σε:
| Κύριος συγγραφέας: | |
|---|---|
| Συγγραφή απο Οργανισμό/Αρχή: | |
| Άλλοι συγγραφείς: | |
| Μορφή: | Thesis Βιβλίο |
| Γλώσσα: | Greek |
| Δημοσίευση: |
1997
|
| Θέματα: | |
| Ετικέτες: |
Προσθήκη ετικέτας
Δεν υπάρχουν, Καταχωρήστε ετικέτα πρώτοι!
|
MARC
| LEADER | 00000cam a2200000 i 4500 | ||
|---|---|---|---|
| 001 | 1/51937 | ||
| 008 | 980312s1997 gre d | ||
| 035 | |l 10027256 | ||
| 040 | |a GR-MY-UA |b gre |e aacr | ||
| 041 | 0 | |a gre | |
| 082 | 0 | |a 338.9495 |2 (22) | |
| 100 | 1 | |a Τασκούδης, Αστέριος. | |
| 245 | 1 | 3 | |a Τα αναπτυξιακά κίνητρα που θεσπίστηκαν για την προώθηση των επενδύσεων την περίοδο 1982 έως 1996 και η αποτελεσματικότητά τους κυρίως στον νομό Σερρών και έπειτα στην περιφέρεια κεντρικής Μακεδονίας και στο σύνολό της : |b Διπλωματική εργασία / |c Αστέριος Τασκούδης ; Επιβλέπων καθηγητής: Ευάγγελος Ξυδέας |
| 260 | |c 1997 | ||
| 300 | |a 136 σ.; |b διαγρ., πίν.; |c 30 εκ. | ||
| 500 | |a Κατεύθυνση: Επιχειρηματική Οικονομική, επιβλέπων καθηγητής: Ευάγγελος Ξυδέας | ||
| 502 | |a Πτυχιακή εργασία – Πανεπιστήμιο Αιγαίου, Χίος, 1997. | ||
| 610 | 2 | 0 | |a Πανεπιστήμιο Αιγαίου. |
| 650 | 0 | |a Regional planning |z Greece |z Serrai (Nome) | |
| 650 | 0 | |a Regional planning |z Greece |z Kentrike Makedonia. | |
| 650 | 0 | |a Rural development |z Greece |z Serrai (Nome) | |
| 650 | 0 | |a Rural development |z Greece |z Kentrike Makedonia. | |
| 650 | 0 | 0 | |a Regional economics. |
| 650 | 0 | 0 | |a Dissertations, Academic |z Greece. |
| 700 | 1 | |a Ξυδέας, Ευάγγελος. |4 ths | |
| 710 | 1 | |a Πανεπιστήμιο Αιγαίου |b Σχολή Επιστημών της Διοίκησης |b Τμήμα Διοίκησης Επιχειρήσεων - Τ.Δ.Ε. | |
| 852 | |a INST |b CHIOS |c DIATR |e 19980312 |h 338.9495 ΤΑΣ |p 005200009742 |q 005200009742 |t DIE |y 23 | ||
| 852 | |a INST |b CHIOS |c DIATR |e 20040323 |h 338.9495 ΤΑΣ |p 005200013818 |q 005200013818 |t DIE |y 23 | ||
| 901 | |a BIBL-1997-3 | ||
| 909 | |a Χ |b 048462 | ||
| 909 | |a Χ |b 100146 | ||
| 924 | |a Τασκούδης |b Αστέριος |y Χίος |z 2002-10 | ||
| 970 | |a Πουλάκη |b Πανωραία |z 2004/03/23 | ||